000 01973nam0a2200325 4500
001 RU\NLR\bibl\1183502
005 20250615092903.0
010 _a5-89545-252-3
_9100
021 _aRU
_b2007-86874
_94692
035 _a(NLR Aleph) 001170092
090 _a1591852
_c1591852
100 _a20080204d2006 |||y0rusy50 ca
101 0 _arus
102 _aRU
105 _ay |||||||||
200 1 _aОбстоятельства, смягчающие и отягчающие наказание
_eучебное пособие
_e[для студентов и аспирантов юридических факультетов и вузов]
_fД.С. Дядькин
_gДеп. образования и науки Ханты-Мансийского авт. округа - Югры, Сургут. гос. ун-т Ханты-Мансийского авт. округа, Каф. уголов. права и криминологии
210 _aСургут
_cСургутский государственный университет
_d2006
215 _a66 с.
_d21
320 _aБиблиогр. в подстроч. прим.
606 1 _aОбстоятельства, смягчающие уголовную ответственность
_jУчебные издания для высших учебных заведений
_yРоссийская Федерация
_92285422
_3RU\NLR\auth\661369027
606 1 _aОбстоятельства, отягчающие уголовную ответственность
_jУчебные издания для высших учебных заведений
_yРоссийская Федерация
_92132988
_3RU\NLR\auth\661286589
686 _aХ628.101.11я73
686 _aХ628.101.12я73
700 1 _aДядькин
_bД. С.
_gДмитрий Сергеевич
_4070
801 0 _aRU
_bNLR
_c20080204
_gRCR
801 1 _aRU
_bNLR
_c20080204
830 _aАвт. по кн.
942 _cBOOK
980 _aNB